MARC details
| 000 -CABECERA |
| campo de control de longitud fija |
00919nam a2200241 a 4500 |
| 003 - IDENTIFICADOR DEL NÚMERO DE CONTROL |
| campo de control |
MX-MxUPN |
| 005 - FECHA Y HORA DE LA ÚLTIMA TRANSACCIÓN |
| campo de control |
20240413063711.0 |
| 008 - ELEMENTOS DE LONGITUD FIJA--INFORMACIÓN GENERAL |
| campo de control de longitud fija |
991125s1906 mx r 000 0 spa d |
| 035 ## - NÚMERO DE CONTROL DEL SISTEMA |
| Número de control de sistema |
UPN01000008468 |
| 040 ## - FUENTE DE LA CATALOGACIÓN |
| Centro catalogador/agencia de origen |
MX-MxUPN |
| Lengua de catalogación |
spa |
| Centro/agencia transcriptor |
MX-MxUPN |
| 041 0# - CÓDIGO DE IDIOMA |
| Código de lengua del texto/banda sonora o título independiente |
spa |
| 050 14 - SIGNATURA TOPOGRÁFICA DE LA BIBLIOTECA DEL CONGRESO |
| Número de clasificación |
F1232 |
| Número de documento/Ítem |
C5.3 |
| 245 03 - MENCIÓN DE TÍTULO |
| Título |
El clero de México y la guerra de Independencia : |
| Resto del título |
documentos del Arzobispado de México |
| 260 ## - PUBLICACIÓN, DISTRIBUCIÓN, ETC. |
| Lugar de publicación, distribución, etc. |
México : |
| Nombre del editor, distribuidor, etc. |
Librería de la Vda. de Ch. Bouret, |
| Fecha de publicación, distribución, etc. |
1906. |
| 300 ## - DESCRIPCIÓN FÍSICA |
| Extensión |
272 páginas |
| 490 0# - MENCIÓN DE SERIE |
| Mención de serie |
Documentos inéditos ó muy raros para la historia de México ; |
| Designación de volumen o secuencia |
9 |
| 650 #4 - ASIENTO SECUNDARIO DE MATERIA - TERMINO TEMATICO |
| Término de materia o nombre geográfico como elemento de entrada |
Clero |
| Subdivisión geográfica |
México |
| 9 (RLIN) |
10884 |
| 651 #4 - ASIENTO SECUNDARIO DE MATERIA - NOMBRE GEOGRAFICO |
| Nombre geográfico |
México |
| Subdivisión general |
Historia |
| Subdivisión cronológica |
Guerra de Independencia, 1810-1821 |
| 9 (RLIN) |
15381 |
| 700 0# - ASIENTO SECUNDARIO--NOMBRE DE PERSONAL |
| Nombre de persona |
P.B. Molina |
| 9 (RLIN) |
51433 |
| Término indicativo de función/relación |
propietario anterior |
| 710 2# - ASIENTO SECUNDARIO - NOMBRE CORPORATIVO |
| Nombre de entidad corporativa o nombre de jurisdicción como elemento de entrada |
Biblioteca Ancona Horruytiner |
| 9 (RLIN) |
51429 |
| Término indicativo de función/relación |
propietario anterior |
| 710 2# - ASIENTO SECUNDARIO - NOMBRE CORPORATIVO |
| Nombre de entidad corporativa o nombre de jurisdicción como elemento de entrada |
Museo Pedagógico Nacional (México) |
| 9 (RLIN) |
51335 |
| Término indicativo de función/relación |
propietario anterior |
| 942 ## - ELEMENTOS DE PUNTO DE ACCESO ADICIONAL (KOHA) |
| Fuente del sistema de clasificación o colocación |
Library of Congress Classification |
| Tipo de ítem Koha |
Libro |